| 000 | 00496pab a2200169 454500 | ||
|---|---|---|---|
| 008 | 180718b2011 xxu||||| |||| 00| 0 eng d | ||
| 100 | _aMurray, Peter | ||
| 245 | _aThe market for sociological ideas in early 1960s Ireland: Civil service Departments and the Limerick rural survey, 1961-64 | ||
| 260 | _c2011 | ||
| 300 | _ap.111-131. | ||
| 650 | _aCivil service - Ireland | ||
| 650 | _aCivil service | ||
| 700 | _aFeenely, Maria | ||
| 773 | _aAdministration | ||
| 908 | _aN | ||
| 909 | _a91568 | ||
| 999 |
_c91568 _d91568 |
||